household buffalo credit scheme at borebo district, kampong chhnang province (ការសិក្សាគំរោងឥនទានធនាគារក្របីជាលក្ខណៈគ្រួសារនៅក្នុងស្រុកបរិបូរណ៍ ខេត្តកំពង់ឆ្នាំង) (Record no. 4260)

000 -LEADER
fixed length control field 00689nam a22001577a 4500
003 - CONTROL NUMBER IDENTIFIER
control field OSt
005 - DATE AND TIME OF LATEST TRANSACTION
control field 20151209100513.0
008 - FIXED-LENGTH DATA ELEMENTS--GENERAL INFORMATION
fixed length control field 151209b xxu||||| |||| 00| 0 eng d
040 ## - CATALOGING SOURCE
Transcribing agency RUA
082 ## - DEWEY DECIMAL CLASSIFICATION NUMBER
Classification number ATM KUN 2005 B193 Or.1
100 ## - MAIN ENTRY--PERSONAL NAME
9 (RLIN) 4571
Personal name KUNG, BUNTHORN.
245 ## - TITLE STATEMENT
Title household buffalo credit scheme at borebo district, kampong chhnang province (ការសិក្សាគំរោងឥនទានធនាគារក្របីជាលក្ខណៈគ្រួសារនៅក្នុងស្រុកបរិបូរណ៍ ខេត្តកំពង់ឆ្នាំង)
260 ## - PUBLICATION, DISTRIBUTION, ETC. (IMPRINT)
Place of publication, distribution, etc. Phnom Penh
Name of publisher, distributor, etc. RUA
Date of publication, distribution, etc. 2005
300 ## - PHYSICAL DESCRIPTION
Extent vi, 41p.
Other physical details ill.
Dimensions 29cm.
942 ## - ADDED ENTRY ELEMENTS (KOHA)
Source of classification or shelving scheme
Koha item type ATM
Holdings
Price effective from Date last seen Permanent Location Not for loan Date acquired Source of classification or shelving scheme Koha item type Barcode Lost status Damaged status Shelving location Withdrawn status Current Location Full call number
2015-12-092015-12-09Library Block B 2015-12-09 ATMRUA038384  B193 Library Block BATM KUN 2005 B193 Or.1
2015-12-092015-12-09Library Block B 2015-12-09 ATMRUA038445  B193 Library Block BATM KUN 2005 B193 Or.2
2015-12-092015-12-09Library Block B 2015-12-09 ATMRUA03838806024579  B193 Library Block BATM KUN 2005 B193 Or.3
2015-12-092015-12-09Library Block B 2015-12-09 ATMRUA038503  B193 Library Block BATM KUN 2005 B193 Or.4
2015-12-092015-12-09Library Block B 2015-12-09 ATMRUA038385  B193 Library Block BATM KUN 2005 B193 Or.5
មជ្ឈមណ្ឌលឯការនៃសាកលវិទ្យាល័យភូមិន្ទកសិកម្មចំការដូង

Powered by Koha